Giáo trình hình học: Dùng cho sinh viên ban Toán hệ CĐSP.
v.v...
Đã lưu trong:
| Tác giả chính: | |
|---|---|
| Định dạng: | Sách |
| Năm xuất bản: |
H.
[Knxb],
1991.
|
| Chủ đề: | |
| Tags: |
Thêm thẻ
Không có thẻ, Hãy là người đầu tiên gắn thẻ bản ghi này!
|
| LEADER | 00893nam a2200193 4500 | ||
|---|---|---|---|
| 082 | |a 516 |b GI108tr. | ||
| 100 | |a Nguyễn Trường Quân. | ||
| 245 | |a Giáo trình hình học: |b Dùng cho sinh viên ban Toán hệ CĐSP. |c Nguyễn Trường Quân. | ||
| 260 | |a H. |b [Knxb], |c 1991. | ||
| 300 | |a 119tr. |c 27cm. | ||
| 520 | |a v.v... | ||
| 653 | |a Toán học | ||
| 653 | |a Hình học | ||
| 653 | |a Giáo trình | ||
| 942 | |2 ddc |c STK0 | ||
| 999 | |c 7115 |d 7115 | ||
| 952 | |0 0 |1 0 |2 ddc |4 0 |6 516_000000000000000_GI108TR |7 0 |8 500 |9 66196 |a qbu |b qbu |c D3 |d 2015-01-28 |o 516 GI108tr. |p 6602.c1 |r 0000-00-00 |w 2015-01-28 |y STK0 | ||
| 952 | |0 0 |1 0 |2 ddc |4 0 |6 516_000000000000000_GI108TR |7 0 |8 500 |9 66197 |a qbu |b qbu |c D3 |d 2015-01-28 |o 516 GI108tr. |p 6602.c2 |r 0000-00-00 |w 2015-01-28 |y STK0 | ||
| 952 | |0 0 |1 0 |2 ddc |4 0 |6 516_000000000000000_GI108TR |7 0 |8 500 |9 66198 |a qbu |b qbu |c D3 |d 2015-01-28 |o 516 GI108tr. |p 6602.c3 |r 0000-00-00 |w 2015-01-28 |y STK0 | ||